[Event "Poznan op 21st"]
[Site "Poznan"]
[Date "2013.08.09"]
[Round "3"]
[White "Szymanski, Leszek"]
[Black "Kozlowski, Tomasz"]
[Result "1/2-1/2"]
[WhiteElo "1725"]
[BlackElo "1961"]
[PlyCount "52"]
[EventDate "2013.08.07"]
[EventType "swiss"]
[EventRounds "9"]
[EventCountry "POL"]
[SourceTitle "CBM 155 Extra"]
[Source "ChessBase"]
[SourceDate "2013.08.26"]
[SourceVersion "1"]
[SourceVersionDate "2013.08.26"]
[SourceQuality "1"]

1. d4 d5 2. Nf3 Nf6 3. c4 e6 4. Nc3 c6 5. e3 Bd6 6. Qc2 Nbd7 7. Bd3 Qc7 8. 0-0 dxc4 9. Bxc4 0-0 10. e4 e5 11. d5 Nb6 12. Bd3 cxd5 13. exd5 h6 14. Rd1 Bg4 15. Bf5 Bxf3 16. gxf3 Ne8 17. Kh1 g5 18. Ne4 Ng7 19. Ng3 Nd7 20. Be3 Rfc8 21. Qa4 Nc5 22. Qg4 Rd8 23. h4 f6 24. Bg6 Qd7 25. Nf5 Nxf5 26. Bxf5 Qg7 1/2-1/2

[Event "Poznan op 21th"]
[Site "Poznan"]
[Date "2011.08.13"]
[Round "8"]
[White "Bednarska, Malgorzata"]
[Black "Szymanski, Leszek"]
[Result "1-0"]
[WhiteElo "2172"]
[BlackElo "1840"]
[PlyCount "55"]
[EventDate "2011.08.06"]
[EventType "swiss"]
[EventRounds "9"]
[EventCountry "POL"]
[SourceTitle "CBM 143 Extra"]
[Source "ChessBase"]
[SourceDate "2011.08.29"]
[SourceVersion "1"]
[SourceVersionDate "2011.08.29"]
[SourceQuality "1"]

1. e4 c5 2. Nf3 e6 3. d4 cxd4 4. Nxd4 Nc6 5. Nc3 Nf6 6. Ndb5 d6 7. Bf4 Ne5 8. Bg5 a6 9. Bxf6 gxf6 10. Nd4 Bd7 11. f4 Nc6 12. f5 Ne5 13. Qh5 Qb6 14. fxe6 Qxd4 15. exd7+ Nxd7 16. Bd3 Qe3+ 17. Qe2 Qb6 18. 0-0-0 Rc8 19. Nd5 Qd8 20. Rhf1 Bg7 21. Rf5 Nb6 22. Nxb6 Qxb6 23. Bc4 Qc7 24. Bb3 0-0 25. Kb1 Qe7 26. Qg4 b6 27. Rd3 Rc5 28. Rg3 1-0

[Event "Poznan op 20th"]
[Site "Poznan"]
[Date "2011.07.20"]
[Round "5"]
[White "Szymanski, Leszek"]
[Black "Szczepaniak, Artur"]
[Result "1-0"]
[WhiteElo "1840"]
[BlackElo "1654"]
[PlyCount "85"]
[EventDate "2011.07.16"]
[EventType "swiss"]
[EventRounds "9"]
[EventCountry "POL"]
[SourceTitle "CBM 143 Extra"]
[Source "ChessBase"]
[SourceDate "2011.08.29"]
[SourceVersion "1"]
[SourceVersionDate "2011.08.29"]
[SourceQuality "1"]

1. c4 Nf6 2. Nc3 g6 3. g3 Bg7 4. Bg2 0-0 5. e4 d6 6. Nge2 Nc6 7. d3 a6 8. 0-0 Rb8 9. f4 e6 10. Rb1 Ne7 11. Be3 c5 12. d4 cxd4 13. Bxd4 Nc6 14. Rf3 Nxd4 15. Nxd4 e5 16. fxe5 dxe5 17. Nde2 Qxd1+ 18. Rxd1 Bd7 19. Rfd3 Bc6 20. b4 Rfc8 21. Bh3 Rf8 22. Bg2 Rfc8 23. a4 b5 24. axb5 axb5 25. c5 Bf8 26. Nc1 Be7 27. Nd5 Kf8 28. Nb3 Bd8 29. Bh3 Rc7 30. Nxc7 Bxc7 31. Bg2 Ke8 32. Nd2 Rd8 33. Rxd8+ Bxd8 34. h3 Ke7 35. Ra1 Ne8 36. Kf2 Kd7 37. h4 Nc7 38. Nb3 Kc8 39. Bh3+ Kb8 40. Ke3 h5 41. Rd1 Be7 42. Na5 Be8 43. Bd7 1-0

[Event "Poznan op 20th"]
[Site "Poznan"]
[Date "2011.07.17"]
[Round "2"]
[White "Szymanski, Leszek"]
[Black "Sliwerski, Radoslaw"]
[Result "0-1"]
[WhiteElo "1840"]
[BlackElo "2174"]
[PlyCount "85"]
[EventDate "2011.07.16"]
[EventType "swiss"]
[EventRounds "9"]
[EventCountry "POL"]
[SourceTitle "CBM 143 Extra"]
[Source "ChessBase"]
[SourceDate "2011.08.29"]
[SourceVersion "1"]
[SourceVersionDate "2011.08.29"]
[SourceQuality "1"]

1. b4 d5 2. e3 Nf6 3. Nf3 Bg4 4. Be2 e6 5. a3 Nbd7 6. c4 c6 7. d3 a5 8. b5 cxb5 9. cxb5 Qc7 10. Bb2 Bxf3 11. Bxf3 Bd6 12. g3 0-0 13. Nc3 a4 14. Nxa4 Qa5+ 15. Nc3 Rfc8 16. Qd2 Nc5 17. Bd1 Nfd7 18. d4 Nb6 19. dxc5 Nc4 20. Qe2 Be5 21. Rc1 Nxb2 22. Qxb2 Rxc5 23. 0-0 Bxc3 24. Qe2 Qxa3 25. Rb1 Bf6 26. Rb3 Qc1 27. Qd3 Qc4 28. Qxc4 dxc4 29. Rb1 c3 30. Bc2 Kf8 31. Rfc1 Ra2 32. Kg2 Rb2 33. Be4 Rcxb5 34. Rxb2 Rxb2 35. Rc2 Rb4 36. Kf3 b5 37. Bd3 Ke7 38. Kg2 Kd6 39. f4 Kc5 40. g4 h6 41. g5 hxg5 42. fxg5 Be5 43. Kf3 0-1

[Event "POL-chT3 2010/11"]
[Site "Wielkopolska"]
[Date "2011.02.14"]
[Round "7"]
[White "Bruder, Adam"]
[Black "Szymanski, Leszek"]
[Result "0-1"]
[WhiteElo "1534"]
[BlackElo "1829"]
[PlyCount "110"]
[EventDate "2010.11.28"]
[EventType "team-tourn"]
[EventRounds "11"]
[EventCountry "POL"]
[SourceTitle "EXT 2019"]
[Source "ChessBase"]
[SourceDate "2018.10.10"]
[SourceVersion "1"]
[SourceVersionDate "2018.10.10"]
[SourceQuality "1"]
[WhiteTeam "Rawicz Korona Rawbud"]
[BlackTeam "Poznan Komandoria"]
[WhiteTeamCountry "POL"]
[BlackTeamCountry "POL"]

1. e4 d6 2. d4 Nf6 3. Nc3 g6 4. f3 Bg7 5. Be3 c6 6. Qd2 b5 7. Bd3 e6 8. g4 Nbd7 9. Bh6 Bxh6 10. Qxh6 Ng8 11. Qe3 Qh4+ 12. Qf2 Qxf2+ 13. Kxf2 Nb6 14. Re1 b4 15. Nd1 Ne7 16. Ne2 Bd7 17. Ne3 0-0 18. h4 Rac8 19. f4 c5 20. dxc5 dxc5 21. Bc4 Bc6 22. Ng3 Rfd8 23. Rd1 Rd4 24. Ba6 Rcd8 25. Rxd4 Rxd4 26. Rd1 f6 27. Rxd4 cxd4 28. Nc4 Na4 29. Na5 Nxb2 30. Nxc6 Nxc6 31. Bb5 Na5 32. Ke2 e5 33. f5 g5 34. hxg5 fxg5 35. Nf1 Kg7 36. Nd2 Kf6 37. Ke1 Nb7 38. Nc4 Nxc4 39. Bxc4 Nc5 40. Bd5 Na4 41. Kd2 Nc5 42. Ke2 Ke7 43. Bg8 h6 44. Bd5 Nd7 45. Kf3 Nf6 46. Bc4 Kd6 47. Bf7 Kc5 48. Be6 Kb5 49. Bb3 Ka5 50. Be6 Ka4 51. Bf7 Ka3 52. Be6 Kb2 53. Bb3 a5 54. Ke2 Nxg4 55. Kd3 h5 0-1

[Event "POL-chT3 2010/11"]
[Site "Wielkopolska"]
[Date "2011.01.17"]
[Round "3"]
[White "Szymanski, Leszek"]
[Black "Anglart, Edward"]
[Result "1-0"]
[WhiteElo "1829"]
[BlackElo "1906"]
[PlyCount "85"]
[EventDate "2010.11.28"]
[EventType "team-tourn"]
[EventRounds "11"]
[EventCountry "POL"]
[SourceTitle "EXT 2019"]
[Source "ChessBase"]
[SourceDate "2018.10.10"]
[SourceVersion "1"]
[SourceVersionDate "2018.10.10"]
[SourceQuality "1"]
[WhiteTeam "Poznan Komandoria"]
[BlackTeam "Wolsztyn UKS Szach"]
[WhiteTeamCountry "POL"]
[BlackTeamCountry "POL"]

1. b4 Nf6 2. Bb2 e6 3. a3 d5 4. e3 Be7 5. d3 0-0 6. Nf3 Nbd7 7. Be2 c5 8. c3 b6 9. b5 Bb7 10. c4 Qc7 11. Nbd2 Rad8 12. Qc2 Bd6 13. h3 Ne5 14. 0-0 dxc4 15. dxc4 Nxf3+ 16. Bxf3 Be7 17. Bxb7 Qxb7 18. Nf3 Nd7 19. Rfd1 Bf6 20. Rd2 Bxb2 21. Qxb2 Nb8 22. Rad1 Rxd2 23. Qxd2 f6 24. Qc2 g6 25. Rd6 Re8 26. Qd3 Re7 27. e4 Nd7 28. Rc6 Qb8 29. Qd2 Kg7 30. a4 Nf8 31. Rd6 Qc7 32. e5 f5 33. Ne1 Qb7 34. Rc6 Rd7 35. Qg5 Rd4 36. Nf3 Rxc4 37. Qd8 Kg8 38. Rc7 Qe4 39. Qe7 Rc1+ 40. Kh2 Qf4+ 41. g3 Qh6 42. Qf7+ Kh8 43. Rc8 1-0

[Event "Poznan op 19th"]
[Site "Poznan"]
[Date "2010.08.04"]
[Round "4"]
[White "Szymanski, Leszek"]
[Black "Kuzma, Mateusz"]
[Result "1-0"]
[WhiteElo "1862"]
[BlackElo "1715"]
[PlyCount "67"]
[EventDate "2010.08.01"]
[EventType "swiss"]
[EventRounds "9"]
[EventCountry "POL"]
[SourceTitle "CBM 138 Extra"]
[Source "ChessBase"]
[SourceDate "2010.10.29"]
[SourceVersion "1"]
[SourceVersionDate "2010.10.29"]
[SourceQuality "1"]

1. c4 e6 2. Nc3 Nf6 3. Nf3 Bb4 4. Qc2 0-0 5. a3 Be7 6. d4 d5 7. Bg5 dxc4 8. e3 Nbd7 9. Bxc4 Nb6 10. Bd3 h6 11. Bf4 c5 12. Nb5 Nbd5 13. dxc5 Nxf4 14. exf4 Bxc5 15. 0-0 Qe7 16. Rac1 Bb6 17. Ne5 Rd8 18. Nc4 Nd5 19. Nxb6 Nxb6 20. Be4 Bd7 21. Qc7 Qf6 22. Nxa7 Qxb2 23. Rb1 Qxa3 24. Rxb6 Qxa7 25. Rxb7 Qd4 26. Bf3 Rac8 27. Qa5 Qxf4 28. Rd1 Qa4 29. Qb6 Qh4 30. Rbxd7 Rxd7 31. Rxd7 Qa4 32. Rd8+ Kh7 33. Qb1+ Rc2 34. Bd1 1-0

[Event "Poznan op 19th"]
[Site "Poznan"]
[Date "2010.08.03"]
[Round "3"]
[White "Kaluzny, Jacek"]
[Black "Szymanski, Leszek"]
[Result "0-1"]
[WhiteElo "1582"]
[BlackElo "1862"]
[PlyCount "66"]
[EventDate "2010.08.01"]
[EventType "swiss"]
[EventRounds "9"]
[EventCountry "POL"]
[SourceTitle "CBM 138 Extra"]
[Source "ChessBase"]
[SourceDate "2010.10.29"]
[SourceVersion "1"]
[SourceVersionDate "2010.10.29"]
[SourceQuality "1"]

1. d4 e6 2. Nf3 d5 3. Bf4 Be7 4. e3 f5 5. Bd3 Nf6 6. 0-0 0-0 7. Nbd2 Ne4 8. Ne5 Nd7 9. f3 Nd6 10. e4 Bg5 11. Nxd7 Bxd7 12. Bxg5 Qxg5 13. Qe2 f4 14. e5 Nf5 15. Bxf5 Rxf5 16. Nb3 b6 17. c4 a6 18. Rfe1 Ba4 19. Nd2 c5 20. dxc5 bxc5 21. Rac1 Qe7 22. Qd3 d4 23. Qe4 Rb8 24. b3 Be8 25. Qc2 Bg6 26. Qb2 Qc7 27. Re4 Rxe5 28. Rxf4 Re2 29. Rg4 Qe5 30. Rd1 Qe3+ 31. Kh1 Re1+ 32. Nf1 Rxd1 33. Re4 Rxf1# 0-1

[Event "Poznan op-B 18th"]
[Site "Poznan"]
[Date "2009.07.24"]
[Round "6"]
[White "Szymanski, Leszek"]
[Black "Krasinski, Rafal"]
[Result "1-0"]
[WhiteElo "1847"]
[BlackElo "1961"]
[PlyCount "111"]
[EventDate "2009.07.19"]
[EventType "swiss"]
[EventRounds "9"]
[EventCountry "POL"]
[SourceTitle "EXT 2011"]
[Source "ChessBase"]
[SourceDate "2010.11.26"]
[SourceVersion "1"]
[SourceVersionDate "2010.11.26"]
[SourceQuality "1"]

1. d4 Nf6 2. Nf3 d6 3. c4 g6 4. Nc3 Bg7 5. e4 0-0 6. Bd3 e5 7. d5 a5 8. 0-0 Na6 9. Ne1 Ne8 10. Be3 Nc5 11. Bc2 f5 12. f3 f4 13. Bf2 g5 14. a3 Nd7 15. b4 Ndf6 16. g4 fxg3 17. Bxg3 Bh3 18. Rf2 h5 19. Rd2 h4 20. Bf2 Nh5 21. Bd3 Nf4 22. Bf1 Bxf1 23. Kxf1 Nf6 24. Ng2 N6h5 25. Ne2 Ng6 26. Ng1 Qd7 27. Ne3 Ne7 28. Raa2 Rf7 29. Ng4 Raf8 30. bxa5 Ng6 31. Rdb2 Rxf3 32. Nxf3 Qxg4 33. Rb3 Rf4 34. Re3 Rxe4 35. Rxe4 Qxe4 36. Qe2 Qf5 37. Ng1 Nhf4 38. Qc2 Qg4 39. Be3 h3 40. Rb2 e4 41. Rxb7 Ng2 42. Rb8+ Kh7 43. Bf2 Be5 44. Qe2 Qf5 45. Qh5+ Kg7 46. Qxh3 g4 47. Qxg2 e3 48. Ne2 Nh4 49. Qg1 Nf3 50. Qg2 Nxh2+ 51. Ke1 Qd3 52. Bxe3 Nf3+ 53. Kf2 Nh2 54. Bf4 Bxf4 55. Nxf4 Qc2+ 56. Kg3 1-0

[Event "Wisla op"]
[Site "Wisla"]
[Date "2009.05.12"]
[Round "11"]
[White "Jelen, Janusz"]
[Black "Szymanski, Leszek"]
[Result "1/2-1/2"]
[WhiteElo "1993"]
[BlackElo "1847"]
[PlyCount "64"]
[EventDate "2009.05.04"]
[EventType "swiss"]
[EventRounds "11"]
[EventCountry "POL"]
[SourceTitle "EXT 2012"]
[Source "ChessBase"]
[SourceDate "2011.11.24"]
[SourceVersion "1"]
[SourceVersionDate "2011.11.24"]
[SourceQuality "1"]

1. c4 c5 2. Nc3 Nf6 3. e4 Nc6 4. f4 d6 5. Nf3 e6 6. d4 cxd4 7. Nxd4 Be7 8. Be3 0-0 9. Be2 Nxd4 10. Bxd4 Bd7 11. g4 Bc6 12. Bd3 Qa5 13. Qe2 d5 14. cxd5 exd5 15. e5 Ne4 16. g5 Bc5 17. Bxe4 Bxd4 18. Bxh7+ Kxh7 19. Qd3+ Kh8 20. Qxd4 b6 21. 0-0-0 Rac8 22. f5 Ba4 23. Qh4+ Kg8 24. Rd3 Rc4 25. Qh5 Rfc8 26. Rh3 Rxc3+ 27. bxc3 Rxc3+ 28. Kb1 Qb4+ 29. Ka1 Rxh3 30. Qxh3 Qd4+ 31. Kb1 Qe4+ 32. Kb2 Qxh1 1/2-1/2

[Event "Poznan op-B 17th"]
[Site "Poznan"]
[Date "2008.07.27"]
[Round "9.13"]
[White "Szymanski, Leszek"]
[Black "Ratajczak, Jedrzej"]
[Result "0-1"]
[WhiteElo "1911"]
[BlackElo "1704"]
[PlyCount "75"]
[EventDate "2008.07.19"]
[EventType "swiss"]
[EventRounds "9"]
[EventCountry "POL"]
[SourceTitle "EXT 2023"]
[Source "ChessBase"]
[SourceDate "2022.10.05"]
[SourceVersion "1"]
[SourceVersionDate "2022.10.05"]
[SourceQuality "1"]

1. d4 d5 2. c4 c6 3. Nc3 Nf6 4. Bg5 e6 5. Nf3 Nbd7 6. cxd5 cxd5 7. e3 a6 8. Bd3 Be7 9. Qc2 b5 10. Rc1 Bb7 11. 0-0 Rc8 12. Qb1 h6 13. Bh4 0-0 14. Ne5 Nxe5 15. dxe5 Nd7 16. Bg3 Qb6 17. Ne2 Nc5 18. Nd4 b4 19. Nb3 Nxd3 20. Qxd3 a5 21. Qd4 Qb5 22. Qd2 Ba6 23. Nd4 Qb6 24. Rxc8 Rxc8 25. Rc1 Rc4 26. b3 Rxc1+ 27. Qxc1 Qc5 28. Qxc5 Bxc5 29. Nf3 Bd3 30. Nd2 g5 31. h3 Kf8 32. Bh2 Kg7 33. g3 d4 34. e4 Be2 35. Kg2 d3 36. f4 Be3 37. Nf1 Bd4 38. Bg1 0-1

[Event "Poznan op-B 17th"]
[Site "Poznan"]
[Date "2008.07.21"]
[Round "3"]
[White "Szymanski, Leszek"]
[Black "Dzwikowski, Adam"]
[Result "0-1"]
[WhiteElo "1911"]
[BlackElo "2000"]
[PlyCount "55"]
[EventDate "2008.07.19"]
[EventType "swiss"]
[EventRounds "9"]
[EventCountry "POL"]
[SourceTitle "EXT 2009"]
[Source "ChessBase"]
[SourceDate "2008.11.26"]
[SourceVersion "1"]
[SourceVersionDate "2008.11.26"]
[SourceQuality "1"]

1. d4 Nf6 2. c4 g6 3. Nc3 Bg7 4. Nf3 0-0 5. e4 c5 6. h3 d6 7. Be2 Nc6 8. dxc5 dxc5 9. 0-0 Nd4 10. Be3 Ne8 11. Qc1 Qa5 12. Re1 Nd6 13. Bd3 Nxf3+ 14. gxf3 Bxc3 15. bxc3 Bxh3 16. e5 Nc8 17. Kh2 Be6 18. Kg2 Nb6 19. Rh1 h5 20. Bh6 Rfd8 21. Qg5 Rxd3 22. Rxh5 Qxc3 23. Bg7 gxh5 24. Bf6+ Kf8 25. Bxe7+ Ke8 26. Bxc5 Kd7 27. Rc1 Rg8 28. Qxg8 0-1